Modalita vo vzťahu k hudbe 20. storočia Prekonal Debussy dur-molový tonálny systém?

Bibliographic Details
Main Author: Martináková, Zuzana, 1958- (Author)
Format: Article
Language:Slovak
PhysicalDescription:Fotogr. 1, obr. 5
Subjects:

MARC

LEADER 00000nab a2200000 a 4500
001 vtls000641632
003 SK-MaSNL
005 20260304102219.0
008 250426c1997 xo 0 slo
015 |a SNBRB19rr/mm-uuuuu 
035 |a CL0641771 
035 |a urn:nbn:sk:snk-ab208c 
035 |a (urnnbn)urn:nbn:sk:snk:ar-a01cqi 
035 |a (uuid)28f70c6e-c0c0-4fdc-aa41-4f0d3dd2423d 
040 |a SNKBUCL  |b slo  |c SNKBUCL  |e AACR2 
041 0 |a slo 
044 |a xo  |c SK 
080 |a 781.22  |2 1981 
080 |a 781.41  |2 1981 
080 |a 78.071.1  |2 1981 
100 1 |a Martináková, Zuzana,  |d 1958-  |4 aut 
245 1 0 |a Modalita vo vzťahu k hudbe 20. storočia  |b Prekonal Debussy dur-molový tonálny systém?  |c Zuzana Martináková 
300 |b Fotogr. 1, obr. 5 
600 1 7 |a Debussy, Claude,  |d 1862-1918  |2 snkbucl  |9 117276 
650 0 7 |a hudba  |y stor. 20.  |x modalita  |x štúdie  |2 snkbucl  |9 1398807 
650 0 7 |a modalita (hudba)  |2 snkbucl  |9 1398808 
655 7 |a štúdie  |2 snkbucl  |9 57033 
655 7 |a články z novín a časopisov  |2 snkbucl  |9 267496 
773 0 |t Hudobný život '97  |g Roč. 29, č. 21 (1997), s. 8 
850 |a Slovenská národná knižnica 
852 |a Slovenská národná knižnica 
954 |a odborná, vedecká literatúra pôvodná (slovenská)  |2 lita 
958 |a article27 
958 |a OND 
958 |a FR 
958 |a RK 
958 |a EUIPO 
992 |a RBX 
999 |c 2844404  |d 2846334